LEADER 00794nam a2200229 i 4500 001 000000092810 003 CaOOAMICUS 005 20180830150128.0 008 180830s1973 xx u000 u und u 013 $a65052 020 $a88-425- 040 $aSeMil$bita 100 1 $aUlivi, Ferruccio,$d<1912-2002>.$0(OLS)http://semarc/name/17349 245 10$aFederigo Tozzi. 260 $aMilano :$bMursia,$c1973. 300 $a191 p. 650 4$aTozzi, Federigo.$0(OLS)http://semarc/subject/11368 850 $aSeMil 852 $aSeMil$W1$xVenegono$y1$m58 23 5 *$j55641$B55641$CSeMilBibl$Z2$F60411 $81 996 $6020$a88-425-$9(OLS)http://semarc/number/73027 996 $6245$aFederigo Tozzi$9(OLS)http://semarc/title/120524 996 $6260$aMilano :$bMursia$9(OLS)http://semarc/publisher/30230 LEADER 00897nam a2200205 i 4500 001 000000228683 003 CaOOAMICUS 005 20140409000000.0 008 140409s1924 xx u000 u fre u 013 $a207585 040 $aSeMil$bita 100 1 $aJoüon, Paul.$0(OLS)http://semarc/name/6115 245 10$aRuth :$bcommentaire philologique et exégétique /$cpar le P. Paul Joüon. 260 $aRome :$bInstitut biblique pontifical,$c1924. 300 $aXI, 97 p. ;$c26 cm. 650 4$aBibbia. Antico Testamento. Rut - Commentari, studi, critica, interpretazioni.$0(OLS)http://semarc/subject/6673 850 $aSeMil 852 $aSeMil$W1$xVenegono$y1$m2Y V 108$j179029$B179029$CSeMilBibl$Z2$F190105 $81 996 $6245$aRuth :$bcommentaire philologique et exégétique$9(OLS)http://semarc/title/327304 996 $6260$aRome :$bInstitut biblique pontifical$9(OLS)http://semarc/publisher/34223